| 000 | 00752nam a22002297a 4500 | ||
|---|---|---|---|
| 005 | 20130719155037.0 | ||
| 010 | _aENG-105260 | ||
| 020 |
_a9788120343085 _c595.00 |
||
| 035 | _aEN-88793 | ||
| 035 | _aB-491507-530 | ||
| 037 | _bDBAD/PUB | ||
| 037 | _bLiteracy House/Ven | ||
| 082 | _a546 | ||
| 245 |
_aInorganic chemistry / _cby Balaram Sahoo...[et al] |
||
| 260 |
_aNew Delhi _bPHI Learning _c2012 |
||
| 270 |
_aM-97, Connaught Circus _bNew Delhi _e110001 |
||
| 300 |
_axxxv,1036p. : _c24cm(pbk) _bill. |
||
| 500 | _aIncludes index | ||
| 700 |
_aSahoo, Balaram _947064 |
||
| 942 |
_2ddc _cEN _h546 _mINO |
||
| 999 |
_c66579 _d66579 |
||